| 000 | 01365cam a2200409 a 4500 | ||
|---|---|---|---|
| 001 | 3267 | ||
| 003 | FISKH | ||
| 005 | 20250307150048.0 | ||
| 008 | 960823s1997 nyua b 000 1 eng | ||
| 010 | _a 96042542 | ||
| 020 | _a0679883428 (pbk.) | ||
| 020 | _a0679983422 (lib. bdg.) | ||
| 020 | _a9780439227612 | ||
| 040 |
_aDLC _cDLC _dDLC _beng |
||
| 042 | _alcac | ||
| 050 | 0 | 0 |
_aPZ7.P2197 _bJtx 1997 |
| 082 | 0 | 0 |
_a[E] _220 |
| 100 | 1 | _aPark, Barbara. | |
| 245 | 1 | 0 |
_aJunie B. Jones is not a crook / _cby Barbara Park ; illustrated by Denise Brunkus. |
| 250 | _aFirst Scholastic printing, March 2000 | ||
| 260 |
_aNew York : _bScholastic _c1997. |
||
| 300 |
_a67 pages : _billustrations ; _c20 cm. |
||
| 490 | 1 |
_aJunie B. Jones series ; _vBook 9 |
|
| 500 | _a"A stepping stone book." | ||
| 505 | _aN | ||
| 520 | _aJunie B. Jones experiences glee while showing off her new furry mittens in kindergarten, but disaster strikes when they disappear from the playground. | ||
| 521 | 8 |
_a560
_bLexile |
|
| 521 | 8 |
_aN
_bRaz-Plus |
|
| 650 | 1 |
_aMittens _xFiction. |
|
| 650 | 1 |
_aLost and found possessions _xFiction. |
|
| 650 | 1 |
_aHonesty _xFiction. |
|
| 650 | 1 |
_aKindergarten _xFiction. |
|
| 650 | 1 |
_aSchools _xFiction. |
|
| 700 | 1 |
_aBrunkus, Denise, _eillustrator |
|
| 906 |
_a7 _bcbc _corignew _d1 _eocip _f19 _gy-gencatlg |
||
| 942 |
_2ddc _cBK _n0 |
||
| 999 |
_c3267 _d3267 |
||